<?xml version='1.0' encoding='UTF-8'?>
  <record xmlns="http://www.loc.gov/MARC21/slim">
    <leader>00000cam a22000007i 4500</leader>
    <controlfield tag="001">ocm81726776</controlfield>
    <controlfield tag="003">OCoLC</controlfield>
    <controlfield tag="005">20240806042606.3</controlfield>
    <controlfield tag="008">900905s1544    be            000 0 lat d</controlfield>
    <datafield tag="040" ind1=" " ind2=" ">
      <subfield code="a">Uk</subfield>
      <subfield code="b">eng</subfield>
      <subfield code="e">rda</subfield>
      <subfield code="e">dcrmr</subfield>
      <subfield code="c">CUT</subfield>
      <subfield code="d">OCLCG</subfield>
      <subfield code="d">CUT</subfield>
      <subfield code="d">OCLCO</subfield>
      <subfield code="d">OCLCA</subfield>
      <subfield code="d">OCLCQ</subfield>
      <subfield code="d">OCLCA</subfield>
      <subfield code="d">OCLCF</subfield>
      <subfield code="d">OCLCO</subfield>
      <subfield code="d">OCLCQ</subfield>
      <subfield code="d">OCLCA</subfield>
      <subfield code="d">OCLCO</subfield>
      <subfield code="d">QGJ</subfield>
      <subfield code="d">OCLCO</subfield>
      <subfield code="d">OCLCL</subfield>
      <subfield code="d">OCLCQ</subfield>
    </datafield>
    <datafield tag="035" ind1=" " ind2=" ">
      <subfield code="a">(OCoLC)81726776</subfield>
    </datafield>
    <datafield tag="050" ind1="1" ind2="4">
      <subfield code="a">BS2555.A2</subfield>
      <subfield code="b">E8 1544</subfield>
    </datafield>
    <datafield tag="100" ind1="1" ind2=" ">
      <subfield code="a">Zigavēnos, Euthymios,</subfield>
      <subfield code="d">approximately 1050-approximately 1118 or 1120,</subfield>
      <subfield code="e">author.</subfield>
      <subfield code="4">aut</subfield>
    </datafield>
    <datafield tag="245" ind1="1" ind2="0">
      <subfield code="a">Commentaria in sacrosancta quatuor Christi Evangelia, :</subfield>
      <subfield code="b">ex Chrysostomi aliorumq[ue] veterum scriptis magna ex parte collecta,</subfield>
      <subfield code="c">Autore quidem Euthymio Zigabono, interprete vero Iohanne Hentenio Nechliniensi Hieronymiano. In hoc opere graphice admodum redactum est in compendium, quicquid ad Euangeliorum explanationem diffuse tractant Origenes, Basilius, Nazianzenus, Chrysostomus, caeteriq[ue] Theologi Graeci ... Addidimus &amp; in calce confutationẽ[n] Iudaic[a]e cuiusdam imposturae. siue libelli de ficto legali IESV Christi sacerdotio, ex Suida desumpti.</subfield>
    </datafield>
    <datafield tag="246" ind1="3" ind2=" ">
      <subfield code="a">Commentaria in sacrosancta qvatvor Christi Euangelia</subfield>
    </datafield>
    <datafield tag="250" ind1=" " ind2=" ">
      <subfield code="a">Liber hic necq[ue] Graece necq[ue] Latine antea typis vnquam excusus est.</subfield>
    </datafield>
    <datafield tag="264" ind1=" " ind2="1">
      <subfield code="a">Lovanii :</subfield>
      <subfield code="b">Ex officina Rutgeri Rescij,</subfield>
      <subfield code="c">Men. Februa. 1544.</subfield>
    </datafield>
    <datafield tag="300" ind1=" " ind2=" ">
      <subfield code="a">14 unnumbered leaves, 603 pages ;</subfield>
      <subfield code="c">33 cm (folio)</subfield>
    </datafield>
    <datafield tag="336" ind1=" " ind2=" ">
      <subfield code="a">text</subfield>
      <subfield code="b">txt</subfield>
      <subfield code="2">rdacontent</subfield>
    </datafield>
    <datafield tag="337" ind1=" " ind2=" ">
      <subfield code="a">unmediated</subfield>
      <subfield code="b">n</subfield>
      <subfield code="2">rdamedia</subfield>
    </datafield>
    <datafield tag="338" ind1=" " ind2=" ">
      <subfield code="a">volume</subfield>
      <subfield code="b">nc</subfield>
      <subfield code="2">rdacarrier</subfield>
    </datafield>
    <datafield tag="340" ind1=" " ind2=" ">
      <subfield code="m">folio</subfield>
      <subfield code="2">rdabf</subfield>
    </datafield>
    <datafield tag="500" ind1=" " ind2=" ">
      <subfield code="a">Includes the Latin text of the Gospels.</subfield>
    </datafield>
    <datafield tag="500" ind1=" " ind2=" ">
      <subfield code="a">Signatures: †⁸ ††⁶ A-Z⁶ a-z⁶ Aa-Cc⁶ Dd⁸.</subfield>
    </datafield>
    <datafield tag="500" ind1=" " ind2=" ">
      <subfield code="a">Initials; printed marginalia.</subfield>
    </datafield>
    <datafield tag="510" ind1="4" ind2=" ">
      <subfield code="a">Cockx-Indestege, E. Belgica typographica, 1541-1600,</subfield>
      <subfield code="c">II, 5750</subfield>
    </datafield>
    <datafield tag="510" ind1="4" ind2=" ">
      <subfield code="a">Adams, H.M. Catalogue of books printed on the continent of Europe, 1501-1600, in Cambridge libraries,</subfield>
      <subfield code="c">E 1116</subfield>
    </datafield>
    <datafield tag="510" ind1="4" ind2=" ">
      <subfield code="a">Index Aureliensis,</subfield>
      <subfield code="c">166.364</subfield>
    </datafield>
    <datafield tag="630" ind1="0" ind2="0">
      <subfield code="a">Bible.</subfield>
      <subfield code="p">Gospels</subfield>
      <subfield code="v">Commentaries</subfield>
      <subfield code="v">Early works to 1800.</subfield>
    </datafield>
    <datafield tag="630" ind1="0" ind2="7">
      <subfield code="a">Bible.</subfield>
      <subfield code="p">Gospels</subfield>
      <subfield code="2">fast</subfield>
    </datafield>
    <datafield tag="655" ind1=" " ind2="7">
      <subfield code="a">Commentaries</subfield>
      <subfield code="2">fast</subfield>
    </datafield>
    <datafield tag="700" ind1="1" ind2=" ">
      <subfield code="a">Henten, Johannes,</subfield>
      <subfield code="d">1500?-1566,</subfield>
      <subfield code="e">translator,</subfield>
      <subfield code="e">dedicator.</subfield>
      <subfield code="4">trl</subfield>
      <subfield code="4">dto</subfield>
      <subfield code="1">https://id.oclc.org/worldcat/entity/E39PBJh4xb8VkWb7hFbB3JRHYP</subfield>
    </datafield>
    <datafield tag="700" ind1="1" ind2=" ">
      <subfield code="a">Rescius, Rutgerus,</subfield>
      <subfield code="d">-1545,</subfield>
      <subfield code="e">printer.</subfield>
      <subfield code="4">prt</subfield>
      <subfield code="1">https://id.oclc.org/worldcat/entity/E39PBJfGWwvrM6kvyG8d3PdWjC</subfield>
    </datafield>
    <datafield tag="700" ind1="1" ind2=" ">
      <subfield code="a">Mendoza, Francisco de,</subfield>
      <subfield code="d">-1566,</subfield>
      <subfield code="e">dedicatee.</subfield>
      <subfield code="4">dte</subfield>
      <subfield code="1">https://id.oclc.org/worldcat/entity/E39PBJpV8tRJvVTW9W8mGRBF8C</subfield>
    </datafield>
    <datafield tag="730" ind1="0" ind2="2">
      <subfield code="i">Container of (expression):</subfield>
      <subfield code="a">Bible.</subfield>
      <subfield code="p">Gospels.</subfield>
      <subfield code="l">Latin.</subfield>
      <subfield code="f">1544.</subfield>
    </datafield>
    <datafield tag="752" ind1=" " ind2=" ">
      <subfield code="a">Belgium</subfield>
      <subfield code="d">Louvain,</subfield>
      <subfield code="e">publication place.</subfield>
      <subfield code="4">pup</subfield>
    </datafield>
  </record>